000 00916nam a22002177a 4500
005 20240103150241.0
008 231205b ||||| |||| 00| 0 eng d
040 _cAL
041 _akan
082 _223
_aK894.109
_bCHIS
100 _aChinnappa Gowda K : ಚಿನ್ನಪ್ಪ ಗೌಡ ಕೆ Ed
_9147181
245 _aSirihuttari:
_bಸಿರಿಹುತ್ತರಿ
260 _aMangaluru
_bMangalore University
_c2007
300 _ax,118p.
_bPB
_c21x13cm.
365 _2Kannada
_b37.00
_c
_d37.00
440 _aMangala Patyapustaka Malike: ಮಂಗಳ ಪಠ್ಯಪುಸ್ತಕ ಮಾಲಿಕೆ: 23
_9144423
650 _aKannada Poetry: ಕನ್ನಡ ಕಾವ್ಯ ವಿಮರ್ಶೆ
_9144424
650 _aKannada Literature: ಕನ್ನಡ ಸಾಹಿತ್ಯ
_9144425
700 _aGOWDA (Chinnappa K): ಗೌಡ (ಚಿನ್ನಪ್ಪ ಕೆ) Ed
_9144426
942 _2ddc
_cDB
999 _c229383
_d229383